แสดงรายละเอียดบรรณานุกรม
  กลับหน้าหลัก

Brief Record : Get Marc (ISO 2709) : E-mail record : QR code ปิดหน้าต่าง
E-books : เกี่ยวกับ Collections
LEADER 00000nam 2200000uu 4500
001    214400
003     ULIBM
008    250819s||||||||th 000 0 tha d
020 ^   ^a9786164438958
041    ^atha^beng
060 ^4  ^aWO660^bจ223ก 2567
245 0   ^aการติดเชื้อในผู้ป่วยปลูกถ่ายอวัยวะ =^bInfections in solid organ transplant recipients /^cบรรณาธิการ, จักรพงษ์ บรูมินเหนทร์.
246 31  ^aInfections in solid organ transplant recipients.
250 ^   ^aพิมพ์ครั้งที่ 1.
260 ^   ^aกรุงเทพฯ :^bสำนักพิมพ์รามาธิบดี คณะเพทยศาสตร์โรงพยาบาลรามาธิบดี มหาวิทยาลัยมหิดล,^c2567.
300 ^   ^axix, 428 หน้า :^bภาพประกอบ,^c26 ซม.
505 2   ^aตอนที่ 1. หลักการของการติดเชื้อในผู้ป่วยปลูกถ่ายอวัยวะ : บทนำการติดเชื้อในผู้ป่วยปลูกถ่ายอวัยวะ - - สถานการณ์การติดเชื้อในผู้ป่วยปลูกถ่ายอวัยวะในประเทศไทย - - ยากดภูมิคุ้มกันกับการติดเชื้อฉวยโอกาส - - การวินิจฉัยและการดูแลการติดเชื้อในผู้ป่วยปลูกถ่ายอวัยวะ - - การป้องกันการติดเชื้อในผู้ป่วยปลูกถ่ายอวัยวะ - - บทบาทของการตรวจติดตามภูมิคุ้มกันในการดูแลผู้ป่วยปลูกถ่ายอวัยวะ - - การสร้างภูมิคุ้มกันในผู้ป่วยปลูกถ่ายอวัยวะ - - การป้องกันและควบคุมการติดเชื้อในการปลูกถ่ายอวัยวะ - - ทิศทางในอนาคตของการติดในผู้ป่วยปลูกถ่ายอวัยวะ -- ตอนที่ 2. การติดเชื้อในผู้ป่วยปลูกถ่ายอวัยวะตามเชื้อก่อโรค : การติดเชื้อไวรัสเฮอร์ปีส์ - - การติดเชื้อไวรัสโพลิโอมา - - การติดเชื้อไวรัสตามระบบ - - การติดเชื้อแบคทีเรีย - - การติดเชื้อมัยโคแบคทีเรีย - - การติดเชื้อนิวโมซิสติสและยีสต์ - - การติดเชื้อราประจำถิ่นและราสาย - - การติดเชื้อเขตร้อน.
650 ^4  ^aการติดเชื้อ.
650 ^4  ^aการปลูกถ่ายอวัยวะ เนื้อเยื่อ ฯลฯ.
700 0   ^aจักรพงษ์ บรูมินเหนทร์,^eบรรณาธิการ.
710 2   ^aมหาวิทยาลัยมหิดล.^bคณะเพทยศาสตร์โรงพยาบาลรามาธิบดี.
856    ^zการติดเชื้อในผู้ป่วยปลูกถ่ายอวัยวะ.pdf (สารบัญหนังสือ)^uhttp://43.133.101.113/ULIB62015//_fulltext/5/214400/20250905163954_2341.pdf
999    ^aใช้งานได้ทุกระบบ
รายการนี้ยังไม่มีแท็ก
คุณยังไม่ได้ล็อกอิน คุณสามารถมีกิจกรรมร่วมกับเว็บไซต์ได้ แต่ต้องล็อกอินก่อน ::
  ล็อกอิน
ลำดับที่ ประเภท เลขเรียก สถานที่ สถานะ
1. การพยาบาล (ตำราหลัก)
การพยาบาล (ตำราหลัก)
WO660 จ223ก 2567 ฉ.1 
  
การพยาบาลผู้ใหญ่ On Shelf
  ขอยืม
Note:จัดซื้อปีงบประมาณ 2568
2. การพยาบาล (ตำราหลัก)
การพยาบาล (ตำราหลัก)
WO660 จ223ก 2567 ฉ.2 
  
การพยาบาลผู้ใหญ่ On Shelf
  ขอยืม
Note:จัดซื้อปีงบประมาณ 2568
   [แสดง 2/2 รายการ]

รายการใกล้เคียง
    หัวเรื่อง [การติดเชื้อ.]

BibComment


ยังไม่เคยถูกคอมเมนท์

คอมเมนท์ทรัพยากรรายการนี้
  คอมเมนท์: การติดเชื้อในผู..
Bib 214400

 
 
 

 Union Library Management : ULibM
Copyright 2026. All Rights Reserved.
скачать бесплатно без регистрации порно красивый секс HD Sex Hindi sex

xxx gou

xxxx

bfxxx

xxxwww

Секса Видео

xxxx

Секса Видео

detube

geilexxx

C99 Shell

worms shell

blod xxx video
Ebony Coed Rihanna Rimes Takes A Dick In Her Young Twat priyaa indian fuck anal and pusssy hardcore indian women xxx desi hardcore fucking part 1 bengalixxxcouple